Andean States and the Resource Curse (Record no. 18822)
[ view plain ]
| 000 -LEADER | |
|---|---|
| fixed length control field | 00635nam a2200121Ia 4500 |
| 008 - FIXED-LENGTH DATA ELEMENTS--GENERAL INFORMATION | |
| fixed length control field | 220615s9999||||xx |||||||||||||| ||und|| |
| 245 #0 - TITLE STATEMENT | |
| Title | Andean States and the Resource Curse |
| Remainder of title | Institutional Change in Extractive Economies |
| 546 ## - LANGUAGE NOTE | |
| Language note | English[eng] |
| 650 ## - SUBJECT ADDED ENTRY--TOPICAL TERM | |
| Topical term or geographic name entry element | Extractive industries||Development economics and emerging economies||Applied ecology||Environmental management||Environmental policy and protocols||Politics and government||Environmental science, engineering and technology |
| 700 ## - ADDED ENTRY--PERSONAL NAME | |
| Personal name | Damonte, Gerardo||Schorr, Bettina |
| 856 ## - ELECTRONIC LOCATION AND ACCESS | |
| Uniform Resource Identifier | <a href="https://library.oapen.org/bitstream/20.500.12657/51558/1/9781000527025.pdf">https://library.oapen.org/bitstream/20.500.12657/51558/1/9781000527025.pdf</a> |
| 942 ## - ADDED ENTRY ELEMENTS (KOHA) | |
| Koha item type | E-Books |
| Withdrawn status | Lost status | Damaged status | Not for loan | Home library | Current library | Date acquired | Total Checkouts | Date last seen | Price effective from | Koha item type |
|---|---|---|---|---|---|---|---|---|---|---|
| Kerala University of Digital Sciences, Innovation and Technology Knowledge Centre | Kerala University of Digital Sciences, Innovation and Technology Knowledge Centre | 15/06/2022 | 15/06/2022 | 15/06/2022 | E-Books |